| 000 | 02415nam0a2200409 4500 | ||
|---|---|---|---|
| 001 | RU\NLR\bibl\1087193 | ||
| 005 | 20260405153058.0 | ||
| 010 |
_a5-93461-266-2 _9200 |
||
| 021 |
_aRU _b2007-23826 _91257 |
||
| 035 | _a(NLR Aleph) 001074352 | ||
| 090 |
_a1018666 _c1018666 |
||
| 100 | _a20070517d2007 |||y0rusy50 ca | ||
| 101 | 0 |
_arus _aeng |
|
| 102 | _aRU | ||
| 105 | _ay ||||||||| | ||
| 200 | 1 |
_aПеревозка опасных грузов _dTransport of dangerous goods _eучебное пособие _e[по специальности "Таможенное дело", "Юриспруденция", "Управление процессами перевозок", "Безопасность технологических процессов и производств"] _fН.И. Обелец, Л.С. Камшукова, Н.Е. Емельянова _gСиб. гос. ун-т путей сообщ. _zeng |
|
| 210 |
_aНовосибирск _cИзд-во Сибирского государственного университета путей сообщения _d2007 |
||
| 215 |
_a135 с. _d21 |
||
| 300 | _aТекст на рус. и англ. яз. | ||
| 320 | _aБиблиогр.: с. 134 (7 назв.) | ||
| 510 | 1 |
_6z11790 _aTransport of dangerous goods _zeng |
|
| 606 | 1 |
_aАнглийский язык _xУчебные издания для таможенных работников _92418785 _3RU\NLR\auth\661440615 |
|
| 606 | 1 |
_aАнглийский язык _xУчебные издания для юристов _92396289 _3RU\NLR\auth\661428701 |
|
| 606 | 1 |
_aАнглийский язык _xУчебные издания для железнодорожников _92472104 _3RU\NLR\AUTH\661468149 |
|
| 686 | 1 | _aШ143.21-93рус329.4 | |
| 686 | 1 | _aШ143.21-93рус328.76 | |
| 700 | 1 |
_4070 _8rus _7ca _aОбелец _bН. И. _gНина Ивановна _3RU\NLR\auth\7764108 _947037 |
|
| 701 | 1 |
_aКамшукова _bЛ. С. _gЛилия Степановна _4070 |
|
| 701 | 1 |
_4070 _7ca _8rus _aЕмельянова _bН. Н. _cпреподаватель, англ. яз. _gНаталья Николаевна _9194051 _3RU\NLR\AUTH\770194102 |
|
| 790 | 1 |
_4070 _8rus _7ba _aObelec _bN. I. _gNina Ivanovna _3RU\NLR\auth\7764110 _947039 |
|
| 801 | 0 |
_aRU _bNLR _c20070517 _gRCR |
|
| 801 | 1 |
_aRU _bNLR _c20070517 |
|
| 830 | _aавт. по кн. | ||
| 942 | _cBOOK | ||
| 980 | _aNB | ||